| 000 | 00753nam a22002297a 4500 | ||
|---|---|---|---|
| 005 | 20251108173258.0 | ||
| 008 | 250721s2001 xx 000 0 ara d | ||
| 020 | _a9960_9283_6_5 | ||
| 082 | 1 | 4 | _a616.83/علي |
| 100 | 1 | _aأبو عليم، إبراهيم حسين | |
| 245 | 1 | 0 | _aالشلل الدماغي / |
| 246 | 1 | 1 | _aCEREBRAL |
| 264 |
_bإصدار الجمعية الخيرية لرعاية المعوقين في عنيزة، _c2001. |
||
| 300 | _a250ص. | ||
| 490 | 0 |
_aسلسلة المعرفة من أجل الوقاية والتأهيل _v(7) |
|
| 650 | 1 | 7 | _aالشلل الدماغي |
| 650 | 1 | 7 | _aالأمراض |
| 650 | 1 | 7 | _aالدماغ |
| 700 | 1 | _aالعبادي، إياس عطية | |
| 942 |
_2ddc _cBK |
||
| 999 |
_c100218 _d100218 |
||